Teach yourself word 97

Bibliographic Details
Main Author: Maran, Ruth
Other Authors: Wing, Kelleigh
Format: Book
Published: United States : IDG Books Worldwide, inc. Publishers , 1997
Subjects:

MARC

LEADER 00000cam a2200000 7i4500
001 0000022991
005 20080814.0
008 080814
020 |a 0764560328 
090 0 0 |a 005.369   |b MAR 
100 1 |a Maran, Ruth 
245 1 0 |a Teach yourself word 97   |c Ruth Maran ; Kelleigh Wing 
260 |a United States :   |b IDG Books Worldwide, inc. Publishers ,   |c 1997 
650 0 |a Business, computer programs 
650 0 |a Electronic spreadsheets 
650 0 |a Microsoft office 
650 0 |a Time management   |x computer programs 
650 0 |a Word processing 
700 1 |a Wing, Kelleigh 
999 |a 0001021210   |b Book   |c REFERENCE   |e Perbadanan Perpustakaan Awam Johor